Introducción al estudio del derecho procesal : tercera parte /
Guardado en:
| Autor Principal: | |
|---|---|
| Formato: | Libro |
| Idioma: | Spanish |
| Publicado: |
Santa Fe :
Rubinzal Culzoni,
2008.
|
| Edición: | 1a. ed. |
| Materias: | |
| Etiquetas: |
Agregar Etiqueta
Sin Etiquetas, Sea el primero en etiquetar este registro!
|
| LEADER | 00513nam a22001575a 4500 | ||
|---|---|---|---|
| 001 | DER.der007262 | ||
| 008 | 180615s2008####ag#||||||||||||||#||spa|| | ||
| 005 | 20250812130016.0 | ||
| 245 | 1 | 0 | |a Introducción al estudio del derecho procesal : |b tercera parte / |c Adolfo Alvarado Velloso. |
| 250 | |a 1a. ed. | ||
| 260 | |a Santa Fe : |b Rubinzal Culzoni, |c 2008. | ||
| 300 | |a 512 p. | ||
| 020 | |a 9789507279331 | ||
| 100 | 1 | |a Alvarado Velloso, Adolfo | |
| 650 | 7 | |a DERECHO PROCESAL CIVIL | |
| 859 | |a DERECHO |b BIB. DERECHO |h 347.05 |i ALV |p 005763 |3 3 | ||
